| 000 | 00383nam a2200157Ia 4500 | ||
|---|---|---|---|
| 008 | 221001s9999 xx 000 0 und d | ||
| 041 | _aeng | ||
| 082 | _a610.73 | ||
| 100 |
_aCOMMUNITY HEALTH NURSING MANUAL _996243 |
||
| 245 | _aDR ROY GEORGE | ||
| 250 | _aFOURTH | ||
| 260 |
_aMUMBAI _bTNAI _c2021 |
||
| 300 | _a632 | ||
| 500 | _aCHN | ||
| 650 |
_aCOMMUNITY HEALTH NURSING _9181701 |
||
| 999 |
_c60661 _d60661 |
||